00000000nam##2200000za#4500
0019.658519
003CaOODSP
00520210615115947
007ta
008150407|1996||||xxc|||||     f|0| 0 eng|d
020 |a0-660-60022-6
040 |aCaOODSP|beng
041 |aeng
041 |afre
043 |an-cn---
0861 |aH49-6/1-1996
1101 |aCanada. |bHealth Canada.
24510|aCanadian cancer incidence atlas / |cby N. D. Le et al., Working Group on Geographic Surveillance.
2461 |aVolume 1: Canadian cancer incidence
260 |aOttawa - Ontario : |bHealth Canada |c1996.
300 |axiii, 158p. : |bcoloured maps, references, tables ; |c28 cm. + |eCancer incidence atlas of Canada,maps and regions [2 fiches. Microfiche.].
500 |a"This atlas is part of the Enhanced Cancer Surveillance project, which has the goal of improving the ability of Canadian cancer registries to detect changes in cancer incidence resulting from factors in the environment. The atlas represents the first step in the development of a geographic surveillance system, providing data that correlate cancer incidence rates with geographic locations."--Introduction. Errata sheet inserted.
5203 |aThis series is part of the Enhanced Cancer Surveillance Project, whose goal is to improve the ability of Canadian cancer registries to detect changes in cancer incidence resulting from factors in the environment. The atlas represents the first step in the development of a geographic surveillance system providing data that correlate cancer incidence rates with geographic locations. Volume 1: Canadian Cancer Incidence. This volume, using charts and maps, focuses on the spatial distribution and variation of mortality caused by cancer in Canada and is designed to facilitate the detection of high-risk regions and any general patterns of disease distribution. A must for academics, epidemiologists, bio-statisticians, cancer associations, actuaries and insurance professionals seeking clear, pertinent up-to-date information.
546 |aBilingual
563 |aSoftcover
590 |a96-49|b1996-12-06
69007|aCancer|2gcpds
7201 |aLe, N. D.
792 |tRépartition géographique de l'incidence du cancer au Canada / |efre|w(CaOODSP)9.658520